Canada - Statistics

General Stats
  • This quiz has been taken 29 times
  • The average score is 10 of 15
Answer Stats
Hint Answer % Correct
What is the capital city of Canada? Ottawa
100%
Which is the largest Province/Territory? Quebec
90%
In which province is Calgary? Alberta
86%
Who is the current Prime Minister? Justin Trudeau
86%
In which province is Vancouver? British Columbia
81%
What is the official language of Quebec? French
81%
What is the smallest Province? Prince Edward Island
67%
Which is the largest of the Five Great Lakes? Superior
67%
In which year were the Montreal Olympics? 1976
57%
What is the title of the Canadian National Anthem? O Canada
57%
Canada is famed for being the country with the longest what? Coastline
52%
In which year did Canada last host the Winter Olympics? 2010
48%
How many US states border Canada? (word) Thirteen
43%
Which is the only province to have two official languages? New Brunswick
33%
In which year was the current flag of Canada, featuring the red Maple leaf, first used? 1965
19%
No matching quizzes found
Score Distribution
Percent of People with Each Score
Percentile by Number Answered
Your Score History
You have not taken this quiz